000 00306nam a22001457a 4500
003 SGT
082 _a340.52,UNI
100 _aUNIVERSAL BOOKS
245 _aHINDU LAW
250 _a1ST
260 _aNEW DELHI
_bUNIVERSAL BOOKS
_c2014
300 _a130
650 _aFAMILY LAW, HINDU LAW
942 _2ddc
_cBK
999 _c9784
_d9784